000 00327 a2200157 4500
001 175673
020 _a
040 _cMagnum
100 _aBarreto, Antonio
240 1 0 _aO velho passaro da lua
_lpor
245 1 0 _aO velho passaro da lua
362 0 _a1899
440 1 _aFTD
697 _aMAGNITO: IJ/GERAL
942 _cBK
999 _c175673
_d175673